<?xml version="1.0" encoding="UTF-8"?>
<record
    xmlns:xsi="http://www.w3.org/2001/XMLSchema-instance"
    xsi:schemaLocation="http://www.loc.gov/MARC21/slim http://www.loc.gov/standards/marcxml/schema/MARC21slim.xsd"
    xmlns="http://www.loc.gov/MARC21/slim">

  <leader>02060nam a22003137a 4500</leader>
  <controlfield tag="001">428</controlfield>
  <controlfield tag="003">OSt</controlfield>
  <controlfield tag="005">20250624111310.0</controlfield>
  <controlfield tag="008">250624b        |||||||g |||| 00| 0 eng d</controlfield>
  <datafield tag="020" ind1=" " ind2=" ">
    <subfield code="a">9788504020267</subfield>
  </datafield>
  <datafield tag="040" ind1=" " ind2=" ">
    <subfield code="b">por</subfield>
  </datafield>
  <datafield tag="041" ind1=" " ind2=" ">
    <subfield code="h">eng</subfield>
    <subfield code="a">por</subfield>
  </datafield>
  <datafield tag="082" ind1=" " ind2=" ">
    <subfield code="a">158.1</subfield>
    <subfield code="b">C289c</subfield>
  </datafield>
  <datafield tag="100" ind1="1" ind2=" ">
    <subfield code="a">Carnegie, Dale</subfield>
    <subfield code="d">1888-1955</subfield>
    <subfield code="9">924</subfield>
  </datafield>
  <datafield tag="240" ind1=" " ind2=" ">
    <subfield code="a">How to win friends and influence people / </subfield>
  </datafield>
  <datafield tag="245" ind1=" " ind2=" ">
    <subfield code="a">Como fazer amigos e influenciar pessoas /</subfield>
    <subfield code="c">Carnegie, Dale; Tradu&#xE7;&#xE3;o de Fernando Tude de Souza</subfield>
  </datafield>
  <datafield tag="250" ind1=" " ind2=" ">
    <subfield code="a">53 ed.</subfield>
  </datafield>
  <datafield tag="260" ind1=" " ind2=" ">
    <subfield code="a">S&#xE3;o Paulo</subfield>
    <subfield code="b">Companhia Editora Nacional</subfield>
    <subfield code="c">2016</subfield>
  </datafield>
  <datafield tag="300" ind1=" " ind2=" ">
    <subfield code="a">335 p.</subfield>
  </datafield>
  <datafield tag="520" ind1=" " ind2=" ">
    <subfield code="a">Voc&#xEA; pode ir atr&#xE1;s do trabalho que mais deseja - e conseguir!

Voc&#xEA; pode transformar o seu trabalho atual em algo cada vez melhor!

Voc&#xEA; pode se ver diante de qualquer situa&#xE7;&#xE3;o e revert&#xEA;-la a seu favor.

Os conselhos s&#xF3;lidos, de efici&#xEA;ncia comprovada ao longo de d&#xE9;cadas, de Dale Carnegie, fizeram com que in&#xFA;meras pessoas subissem as escadas em dire&#xE7;&#xE3;o ao sucesso, tanto em sua vida profissional quanto pessoal. Um dos livros mais inovadores de todos os tempos, e que permanece completamente atual, Como fazer amigos e influenciar pessoas vai ensinar voc&#xEA;:
- Seis maneiras de fazer com que as pessoas gostem de voc&#xEA;.
- Doze maneiras de conquistar as pessoas para pensarem como voc&#xEA;.
- Nove maneiras de mudar as pessoas sem causar ressentimentos.
... e muito, muito mais!

Alcance todo seu potencial com Como fazer amigos e influenciar pessoas.
Uma leitura obrigat&#xF3;ria para o s&#xE9;culo XXI.
Mais de 50 milh&#xF5;es de c&#xF3;pias vendidas.
Mais de 70 anos depois de seu lan&#xE7;amento, o original ainda &#xE9; o melhor!
</subfield>
  </datafield>
  <datafield tag="650" ind1=" " ind2="0">
    <subfield code="a">Literatura Americana</subfield>
    <subfield code="9">84</subfield>
  </datafield>
  <datafield tag="650" ind1=" " ind2="0">
    <subfield code="a">Desenvolvimento Pessoal</subfield>
    <subfield code="9">546</subfield>
  </datafield>
  <datafield tag="650" ind1=" " ind2="0">
    <subfield code="a">Lideran&#xE7;a e influ&#xEA;ncia pessoal</subfield>
    <subfield code="9">925</subfield>
  </datafield>
  <datafield tag="650" ind1=" " ind2="0">
    <subfield code="a">Desenvolvimento profissional e sucesso no trabalho</subfield>
    <subfield code="9">926</subfield>
  </datafield>
  <datafield tag="655" ind1=" " ind2="0">
    <subfield code="a">N&#xE3;o Fic&#xE7;&#xE3;o</subfield>
    <subfield code="9">102</subfield>
  </datafield>
  <datafield tag="700" ind1=" " ind2=" ">
    <subfield code="a">Fernando Tude de Souza</subfield>
    <subfield code="e">TRADUTOR</subfield>
    <subfield code="9">927</subfield>
  </datafield>
  <datafield tag="830" ind1=" " ind2=" ">
    <subfield code="a">O Guia Cl&#xE1;ssico e definitivo para relacionar-se com as pessoas</subfield>
    <subfield code="9">928</subfield>
  </datafield>
  <datafield tag="942" ind1=" " ind2=" ">
    <subfield code="2">ddc</subfield>
    <subfield code="n">0</subfield>
    <subfield code="c">BK</subfield>
  </datafield>
  <datafield tag="952" ind1=" " ind2=" ">
    <subfield code="0">0</subfield>
    <subfield code="1">0</subfield>
    <subfield code="2">ddc</subfield>
    <subfield code="4">0</subfield>
    <subfield code="7">0</subfield>
    <subfield code="8">NFIC</subfield>
    <subfield code="a">BIBIB</subfield>
    <subfield code="b">BIBIB</subfield>
    <subfield code="c">AU</subfield>
    <subfield code="d">2025-06-24</subfield>
    <subfield code="e">doa&#xE7;&#xE3;o</subfield>
    <subfield code="l">0</subfield>
    <subfield code="o">158.1 / C289c</subfield>
    <subfield code="p">2025-17359</subfield>
    <subfield code="r">2025-06-24 09:34:49</subfield>
    <subfield code="w">2025-06-24</subfield>
    <subfield code="y">BK</subfield>
  </datafield>
  <datafield tag="999" ind1=" " ind2=" ">
    <subfield code="c">428</subfield>
    <subfield code="d">428</subfield>
  </datafield>
</record>
